000
00289nam a2200121Ia 4500
008
190216s9999||||xx |||||||||||||| ||und||
100
_a
Anup Rajput
245
0
_a
Mathematics : Atb For Xii -pi
260
_b
Ncrt - Newdelhi
_c
2003
300
_a
1002
650
_a
Mathematics
942
_c
REF
999
_c
36702
_d
36702